000 002550000a22000970004500
100 1 _aCanclini, Arnoldo
245 1 0 _aLuz bíblica sobre las crisis
300 _aVol. 46, Núm 196 (1991), Páginas 10-11
773 0 _tLa Biblia de las Américas
942 _cANA
999 _c51321
_d51321